Nevhodný monopol justície. Rozhodcovia - pomoc podnikateľom i súdnictvu.

Terajšia situácia v obchodnom súdnictve SR. Zachovanie monopolu justície na rozhodovanie sporov medzi podnikateľmi. Úloha rozhodcov v Nemecku. Rozhodcovské konanie v USA. Odporúčania pre využitie zahraničných skúseností v slovenskom súdnictve.

Salvato in:
Dettagli Bibliografici
Autore principale: Brda, J.
Natura: Capitolo di libro
Lingua:slovacco
Soggetti:
Tags: Aggiungi Tag
Nessun Tag, puoi essere il primo ad aggiungerne!!

MARC

LEADER 00000naa a2200000 4500
001 r013455
005 20221213122917.4
041 0 |a slo 
044 |a SK 
245 1 0 |a Nevhodný monopol justície.  |b Rozhodcovia - pomoc podnikateľom i súdnictvu.  |c J. Brda 
520 |a Terajšia situácia v obchodnom súdnictve SR. Zachovanie monopolu justície na rozhodovanie sporov medzi podnikateľmi. Úloha rozhodcov v Nemecku. Rozhodcovské konanie v USA. Odporúčania pre využitie zahraničných skúseností v slovenskom súdnictve. 
610 2 0 |a súdnictvo 
610 2 0 |a obchod 
610 2 0 |a zákonník obchodný 
610 2 0 |a Slovensko 
610 2 0 |a podnikatelia 
610 2 0 |a Nemecko 
610 2 0 |a USA 
610 2 0 |a konanie rozhodcovské 
100 1 |a Brda, J.